[Event "13th World University Championship - MEN"]
[Site "Katowice"]
[Date "2014.08.20"]
[Round "5"]
[White "Yu, Ruiyuan"]
[Black "Munkhgal, Gombosuren"]
[Result "1-0"]
[LiveChessVersion "1.4.4"]
[BlackElo "2418"]
[WhiteElo "2534"]

1. e4  e6  2. d4  d5
 3. Nd2  c5  4. exd5
 Qxd5  5. Ngf3  cxd4
 6. Bc4  Qd6  7. O-O
 Nf6  8. Nb3  Nc6
 9. Nbxd4  Nxd4  10. Nxd4
 a6  11. Re1  Qc7
 12. Bb3  Bd6  13. Nf5
 Bxh2+  14. Kh1  O-O
 15. Nxg7  Rd8  16. Qf3
 Kxg7  17. Bh6+  Kg6
 18. c3  Nh5  19. Bc1
 Bf4  20. g4  Ng3+
 21. fxg3  Bxc1  22. Raxc1
 b6  23. Bc2+  Kg7
 24. Be4  Ra7  25. Rc2
 Bb7  26. Rh2  Bxe4
 27. Qxe4  Qb7  28. Rxh7+
 Kg8  29. Qxb7  Rxb7
 30. Rh2  Rd3  31. Kg2
 Rd2+  32. Kh3  Rbd7
 33. Ree2  Rd1  34. Re4
 R7d3  35. Rhe2  Rg1
 36. R4e3  Rdd1  37. g5
 Rd5  38. g6  Rh5+
 39. Kg4  Rh6  40. gxf7+
 Kxf7  41. Rd2  Rg6+
 42. Kh3  Rh6+  43. Kg4
 Rg6+  44. Kf4  Ke7
 45. Rh2  Rf1+  46. Ke5
 Rg5+  47. Ke4  Kd6
 48. Rd2+  Kc6  49. Rg2
 a5  50. Rf3  Re1+
 51. Kd3  Kd5  52. Re3
 Ra1  53. b3  e5 
54. Ree2  Rg4  55. c4+  Ke6
 56. Ke3  Rf1  57. Ref2
 Re1+  58. Kf3  Rg8
 59. g4  Rf8+  60. Kg3
 Re3+  61. Kh2  Rf4
 62. g5  Kf7  63. Rc2
 a4  64. b4  Ree4
 65. c5  bxc5  66. bxc5
 Rh4+  67. Kg1  Ke7
 68. g6  Rh8  69. g7
 Rg8  70. c6  Kd8
 71. Rcf2  Rf4  72. Rxf4
 exf4  73. Kf2  Ke7
 74. Kf3  Kd6  75. Rg6+
 Ke7  76. Kxf4  Kf7
 77. Kg5  a3  78. Kh6
 Ke7  79. Kh7  Kf7
 80. c7  1-0

[Event "13th World University Championship - MEN"]
[Site "Katowice"]
[Date "2014.08.20"]
[Round "5"]
[White "Shimanov, Aleksandr"]
[Black "Lou, Yiping"]
[Result "1-0"]
[LiveChessVersion "1.4.4"]
[BlackElo "2466"]
[WhiteElo "2625"]

1. e4  e6  2. d3  d5
 3. Nd2  Nf6  4. g3
 dxe4  5. dxe4  e5
 6. Ngf3  Nc6  7. Bg2
 Bc5  8. O-O  O-O
 9. c3  a5  10. Qc2
 b6  11. Nb3  Bd6
 12. a4  h6  13. Nh4
 Re8  14. Nf5  Bxf5
 15. exf5  Qd7  16. Nd2
 Bc5  17. Qb1  Rad8
 18. Ne4  Be7  19. Nxf6+
 Bxf6  20. h4  Ne7
 21. Be4  c6  22. Qc2
 Qc7  23. Qe2  Rd6
 24. Qg4  Kf8  25. Qf3
 Red8  26. Kg2  Nd5
 27. Rh1  Be7  28. Re1
 Kg8  29. Bc2  R6d7
 30. Qe4  Bf6  31. Re2
 b5  32. Qg4  Kf8
 33. Bb3  b4  34. c4
 Nb6  35. Be3  Rd3
 36. Bc2  R3d4  37. Bxd4
 Rxd4  38. Re4  Nxc4
 39. b3  Nb6  40. Rxd4
 exd4  41. Bd3  Nd7
 42. Rc1  Qd6  43. Qe4
 Nc5  44. Qf3  Kg8
 45. Bc4  Nd7  46. Qe4
 Kf8  47. Re1  Qe5
 48. Qb1  Qd6  49. Qe4
 Qe5  50. Qxe5  Bxe5
 51. Rc1  Ke7  52. h5
 Bd6  53. Kf3  Nc5
 54. Re1+  Kf8  55. Kg4
 Be7  56. f4  Bf6
 57. Kf3  d3  58. Rd1
 Bc3  59. g4  d2 
60. g5  Nb7  61. f6  Nd6
 62. fxg7+  Kxg7  63. Bd3
 c5  64. Ke2  Ne8
 65. Rg1  Nd6  66. Rg3
 f6  67. gxf6+  Kf7
 68. Rg6  c4  69. bxc4
 Ne8  70. c5  Nxf6
 71. Bc4+  Ke7  72. Rg7+
 Kf8  73. c6  1-0

[Event "13th World University Championship - MEN"]
[Site "Katowice"]
[Date "2014.08.20"]
[Round "5"]
[White "Barbosa, Evandro Amorim"]
[Black "Sjugirov, Sanan"]
[Result "0-1"]
[LiveChessVersion "1.4.4"]
[BlackElo "2658"]
[WhiteElo "2446"]

1. e4  c6  2. d4  d5
 3. Nc3  dxe4  4. Nxe4
 Nf6  5. Nxf6+  exf6
 6. c3  Bd6  7. Bd3
 O-O  8. Ne2  Qc7
 9. Qc2  h6  10. Be3
 Re8  11. Ng3  Be6
 12. O-O  h5  13. Nxh5
 Bxh2+  14. Kh1  Bd6
 15. Rae1  Nd7  16. Bh7+
 Kh8  17. Qe4  Qa5
 18. Nxg7  Kxg7  19. Qh4
 Kf8  20. f4  Ke7
 21. f5  Rh8  22. fxe6
 fxe6  23. Kg1  Qxa2
 24. Rxf6  Nxf6  25. Bg5
 Raf8  26. Rf1  Kd7
 27. Bxf6  Qa6  28. Rf3
 Qa1+  29. Rf1  Qxf1+
 30. Kxf1  Be7  31. Ke2
 Rxf6  32. Qe4  Rh6
 33. Bg6  Rg8  34. Bf7
 Rf8  35. Qe3  Rfh8
 36. Qd3  Rf6  37. Bg6
 Rhf8  38. Be4  Rf2+
 39. Kd1  Rxb2  40. Bf3
 Rh8  41. Kc1  Ba3
 0-1

[Event "13th World University Championship - MEN"]
[Site "Katowice"]
[Date "2014.08.20"]
[Round "5"]
[White "Andriasian, Zaven"]
[Black "Spalir, Jernej"]
[Result "1/2-1/2"]
[LiveChessVersion "1.4.4"]
[BlackElo "2243"]
[WhiteElo "2628"]

1. e4  e5  2. Nf3  Nc6
 3. Bc4  Bc5  4. b4
 Bxb4  5. c3  Ba5
 6. d4  exd4  7. Qb3
 Qf6  8. O-O  Bb6
 9. e5  Qg6  10. Nxd4
 Nge7  11. Bf4  O-O
 12. Nd2  Nxd4  13. cxd4
 Bxd4  14. Rae1  b6
 15. Bd3  Qe6  16. Qb1
 h6  17. Nb3  Bc5
 18. Bg3  a5  19. Nxc5
 bxc5  20. f4  f5
 21. exf6  Qxf6  22. Bc4+
 Kh8  23. Qe4  d5
 24. Qxe7  Qxe7  25. Rxe7
 dxc4  26. Be1  Kg8
 27. Rxc7  Bf5  28. Bc3
 Rf7  29. Rxc5  Bd3
 30. Rf2  a4  31. a3
 Rb8  32. Bb4  Rf5
 33. Rxf5  Bxf5  34. Re2
 Rc8  35. Bc3  Rd8
 36. Bb4  Rc8  37. Re3
 Kf7  38. Kf2  Re8
 39. h3  Rxe3  40. Kxe3
 Bc2  41. g4  g6 
42. Kd4  Bb3  43. Ke5  h5
 44. gxh5  gxh5  45. h4
 Ba2  46. f5  Bb3
 47. Kf4  Bd1  48. Bc3
 1/2-1/2

[Event "13th World University Championship - MEN"]
[Site "Katowice"]
[Date "2014.08.20"]
[Round "5"]
[White "Batchuluun, Tsegmed"]
[Black "Belous, Vladimir"]
[Result "1/2-1/2"]
[LiveChessVersion "1.4.4"]
[BlackElo "2584"]
[WhiteElo "2513"]

1. d4 Nf6  2. c4  g6  3. Nc3
 d5  4. Bf4  Bg7 
5. e3  O-O  6. Rc1  c5
 7. dxc5  dxc4  8. Qxd8
 Rxd8  9. Bxc4  Nc6
 10. Nf3  Nd7  11. Bc7
 Rf8  12. Na4  Nde5
 13. Nxe5  Bxe5  14. Bxe5
 Nxe5  15. Bb5  Bf5
 16. O-O  Rad8  17. Rfd1
 Rxd1+  18. Rxd1  a6
 19. Be2  Bc2  20. Rd5
 Bxa4  21. Rxe5  Rd8
 22. Rxe7  Rd2  23. Kf1
 Rxb2  24. Bc4  Bb5
 25. Bxb5  Rxb5  26. Rc7
 Rb2  27. a4  Rb4
 28. Ke2  Kg7  29. Kd3
 a5  30. Kc3  h5 
31. Rd7  Kf6  32. Rd4  Rb1
 33. Rd7  Ke6  34. Rc7
 Rb4  35. c6  Rxa4
 36. Rxb7  Ra1  37. Kc4
 a4  38. Rd7  a3 
39. Kb3  a2  40. Rd2  Rc1
 41. Rxa2  Rxc6  42. Rc2
 Rd6  43. Kc3  Rd1
 44. Rd2  Rg1  45. f3
 Rh1  46. h3  Ra1
 47. Kd3  Ra3+  48. Ke2
 Rb3  49. Ra2  Kf6
 50. Kf2  Rc3  51. g4
 hxg4  52. hxg4  Kg5
 53. Ra7  Kf6  54. g5+
 Ke6  55. Ra6+  Ke7
 56. Ra5  Rb3  57. e4
 Ke6  58. Kg3  Ke7
 59. Kg4  Rc3  60. Ra7+
 Kf8  61. Ra4  Rc1
 62. Kf4  Rc3  63. Ra5
 Ke7  64. Kg4  Kf8
 65. f4  Re3  66. Ra4
 Kg7  67. f5  gxf5+
 68. exf5  Re1  69. Kh5
 Rh1+  70. Rh4  Rg1
 71. f6+  Kh7  72. Rh2
 Rg3  73. Ra2  Rg1
 74. Rh2  Rg3  75. Ra2
 Rg1  76. Ra8  Rxg5+
 77. Kxg5 1/2-1/2

[Event "13th World University Championship - MEN"]
[Site "Katowice"]
[Date "2014.08.20"]
[Round "5"]
[White "Tomczak, Jacek"]
[Black "Klekowski, Maciej"]
[Result "1/2-1/2"]
[LiveChessVersion "1.4.4"]
[BlackElo "2383"]
[WhiteElo "2562"]

1. e4  c5  2. Nf3  Nc6
 3. d4  cxd4  4. Nxd4
 Nf6  5. Nc3  e5 
6. Ndb5  d6  7. Bg5  a6
 8. Na3  b5  9. Bxf6
 gxf6  10. Nd5  f5
 11. g3  fxe4  12. Bg2
 Bf5  13. f3  Bg7
 14. fxe4  Be6  15. O-O
 O-O  16. Kh1  Rc8
 17. c3  Ne7  18. Nxe7+
 Qxe7  19. Nc2  Qa7
 20. Qe2  Qc5  21. Rf2
 a5  22. a3  f5 
23. exf5  Rxf5  24. Rxf5  Bxf5
 25. Ne3  Bg6  26. Nd5
 Kh8  27. Ne7  Rf8
 28. Nxg6+  hxg6  29. Qg4
 Rf6  30. Qh3+  Kg8
 31. Rd1  Bf8  32. Bd5+
 Kg7  33. Qd7+  Kh8
 34. Qh3+  Kg7  35. g4
 Qc8  36. Rf1  Be7
 37. Rxf6  Bxf6  38. Qf3
 Qc7  39. Kg2  Bg5
 40. Ba2  Qe7  41. Qd5
 Kh6  42. Qxb5  e4
 43. Qe2  1/2-1/2

[Event "13th World University Championship - MEN"]
[Site "Katowice"]
[Date "2014.08.20"]
[Round "5"]
[White "Stankovic, Milos"]
[Black "Krejci, Jan"]
[Result "1/2-1/2"]
[LiveChessVersion "1.4.4"]
[BlackElo "2531"]
[WhiteElo "2416"]

1. e4  c5  2. Nf3  Nc6
 3. d4  cxd4  4. Nxd4
 Nf6  5. Nc3  d6 
6. Bg5  e6  7. Qd2  a6
 8. O-O-O  Bd7  9. f3
 h6  10. Be3  b5 
11. Nxc6  Bxc6  12. Ne2  Qc7
 13. Nd4  Bb7  14. Bd3
 e5  15. Nb3  Be7
 16. h4  d5  17. exd5
 Nxd5  18. Be4  Nxe3
 19. Qxe3  Bxe4  20. Qxe4
 O-O  21. Rd5  Bf6
 22. Nc5  Rad8  23. Rhd1
 Rxd5  24. Rxd5  Rc8
 25. g3  Qb6  26. b4
 Qc6  27. Rd7  a5
 28. Qxc6  Rxc6  29. a3
 axb4  30. axb4  Rb6
 31. Rd5  Be7  32. Rxe5
 Bd6  33. Re8+  Kh7
 34. g4  h5  35. gxh5
 Bg3  36. Re7  Kg8
 37. Re8+  Kh7  38. Re7
 Kg8  39. Re4  Rf6
 40. Re8+  Kh7  41. Ne4
 Bf4+  42. Kb2  Rf5
 1/2-1/2

[Event "13th World University Championship - MEN"]
[Site "Katowice"]
[Date "2014.08.20"]
[Round "5"]
[White "Olszewski, Michal"]
[Black "Tomazini, Zan"]
[Result "1-0"]
[LiveChessVersion "1.4.4"]
[BlackElo "2371"]
[WhiteElo "2555"]

1. Nf3  g6  2. d4  Nf6
 3. c4  Bg7  4. Nc3
 O-O  5. e4  d6 
6. h3  e5  7. d5  Nh5
 8. g3  Qe8  9. Be2
 f5  10. exf5  gxf5
 11. Nh4  Nf6  12. Qc2
 Na6  13. Be3  c6
 14. O-O-O  cxd5  15. cxd5
 Qd7  16. Kb1  Nc7
 17. g4  f4  18. Bc1
 b5  19. g5  Nfe8
 20. Bd3  Bh8  21. Rhg1
 b4  22. Ne4  b3 
23. axb3  Ba6  24. Nf6+  Bxf6
 25. gxf6+  Kh8  26. Bxh7
 1-0

[Event "13th World University Championship - MEN"]
[Site "Katowice"]
[Date "2014.08.20"]
[Round "5"]
[White "Petrosyan, Tigran S."]
[Black "Garcia Guerrero, Isaac Antonio"]
[Result "1-0"]
[LiveChessVersion "1.4.4"]
[BlackElo "2300"]
[WhiteElo "2421"]

1. e4  c5  2. Nf3  g6
 3. d4  cxd4  4. Nxd4
 Nc6  5. c4  Nf6 
6. Nc3  d6  7. Be2  Nxd4
 8. Qxd4  Bg7  9. Be3
 O-O  10. Qd2  a5
 11. O-O  a4  12. f3
 Qa5  13. Rab1  Be6
 14. Rfc1  Rfc8  15. b4
 axb3  16. axb3  Qb4
 17. Rc2  Nd7  18. Nd5
 Qxd2  19. Rxd2  Bxd5
 20. Rxd5  Ra2  21. Bf1
 Nc5  22. b4  Na4
 23. Ra5  Nc3  24. Rxa2
 Nxa2  25. Rb3  Ra8
 26. c5  Nc3  27. cxd6
 exd6  28. b5  Ra1
 29. g3  Bd4  30. Bxd4
 Ne2+  31. Kf2  Nxd4
 32. Rd3  Ra2+  33. Ke3
 Nxb5  34. Rb3  Ra3
 35. Rxa3  Nxa3  36. Kd2
 f5  37. Kc3  b5 
38. exf5  gxf5  39. Bd3  h6
 40. Bxf5  Kf7  41. Bd3
 d5  42. Kb4  Nc4
 43. Kxb5  Ne5  44. Be2
 Nd7  45. f4  Nf6
 46. Bf3  Ke6  47. Kc5
 h5  48. Kd4  Kf5
 49. Bxd5  Ng4  50. Be4+
 Kf6  51. h3  Nf2
 52. Bg2  Kf5  53. Ke3
 Nd1+  54. Kf3  Nc3
 55. Bf1  Nd5  56. g4+
 hxg4+  57. hxg4+  Kf6
 58. Bd3  Ne7  59. g5+
 Kf7  60. Be4  1-0

[Event "13th World University Championship - MEN"]
[Site "Katowice"]
[Date "2014.08.20"]
[Round "5"]
[White "Gergacz, Attila"]
[Black "Kobayashi, Atsuhiko"]
[Result "1-0"]
[LiveChessVersion "1.4.4"]
[BlackElo "2089"]
[WhiteElo "2374"]

1. e4  c5  2. Nf3  e6
 3. d3  Nc6  4. g3
 g6  5. Bg2  Bg7 
6. Nbd2  Nge7  7. O-O  O-O
 8. Re1  e5  9. Nc4
 d6  10. a4  b6 
11. c3  Rb8  12. Bd2  h6
 13. b4  Qc7  14. b5
 Nd8  15. Qc1  Kh7
 16. d4  exd4  17. Bf4
 Nb7  18. e5  Nf5
 19. g4  Be6  20. gxf5
 Bxc4  21. f6  Bh8
 22. cxd4  Bd5  23. Bxh6
 Bxf3  24. Bxf3  Rfe8
 25. Qg5  dxe5  26. dxe5
 Nd8  27. Re3  Kg8
 28. Bd5  Ne6  29. Qh4
 Nd4  30. Bg7  Bxg7
 31. fxg7  Kxg7  32. Qf6+
 Kg8  33. Rh3  1-0

[Event "13th World University Championship - MEN"]
[Site "Katowice"]
[Date "2014.08.20"]
[Round "5"]
[White "Gloor, Roger"]
[Black "Carlos Arriaga, Jesus Roberto"]
[Result "0-1"]
[LiveChessVersion "1.4.4"]
[BlackElo "2118"]
[WhiteElo "2364"]

1. e4  c6  2. d4  d5
 3. Nc3  dxe4  4. Nxe4
 Nd7  5. Ng5  Ngf6
 6. Bd3  e6  7. N1f3
 Bd6  8. Qe2  h6 
9. Ne4  Nxe4  10. Qxe4  Qc7
 11. O-O  b6  12. c4
 Bb7  13. Qe2  O-O
 14. b3  c5  15. Bb2
 cxd4  16. Bxd4  Bxf3
 17. Qxf3  Bxh2+  18. Kh1
 Be5  19. Qe4  f5
 20. Bxe5  Nxe5  21. Qf4
 Qc5  22. Bc2  Nc6
 23. Rae1  e5  24. Qe3
 Rad8  25. Rd1  e4
 26. Bb1  Qxe3  27. fxe3
 Ne5  28. Rd4  Nc6
 29. Rd5  Rxd5  30. cxd5
 Ne5  31. d6  Ng4
 32. d7  Rd8  33. Rxf5
 Rxd7  34. Rf1  Nxe3
 35. Re1  Rd1  36. Rxd1
 Nxd1  37. Kg1  Nc3
 38. Bc2  Kf7  0-1

[Event "13th World University Championship - MEN"]
[Site "Katowice"]
[Date "2014.08.20"]
[Round "5"]
[White "Oliveira, Fernando Henrique"]
[Black "Nenezic, Marko"]
[Result "0-1"]
[LiveChessVersion "1.4.4"]
[BlackElo "2430"]
[WhiteElo "2178"]

1. d4  Nf6  2. c4  g6
 3. Nc3  Bg7  4. Nf3
 O-O  5. h3  d5 
6. Bf4  c5  7. dxc5  Qa5
 8. Rc1  dxc4  9. e3
 Qxc5  10. Qa4  Nh5
 11. Qxc4  Qxc4  12. Bxc4
 Nxf4  13. exf4  Nc6
 14. O-O  Bd7  15. Bd5
 Rfd8  16. Rfe1  e6
 17. Bxc6  Bxc6  18. Ne5
 Bxe5  19. fxe5  Rd2
 20. b4  a6  21. a4
 Rd4  22. b5  Be8
 23. Re4  Rad8  24. f3
 axb5  25. axb5  Kg7
 26. Kh2  Rxe4  27. Nxe4
 Bxb5 28. Rc7  Rd7  29. Rc8
 Rd5  30. f4  Rd4
 31. Nf6  Rxf4  32. Rg8+
 Kh6  33. Kg3  Kg5
 34. Rg7  h5  35. h4+
 Rxh4  36. Rxf7  Rc4
 37. Nh7+  Kh6  38. Nf8
 Bc6  39. Rf6  Rg4+
 40. Kf2  Rxg2+  41. Kf1
 Rg5  42. Nxe6  Rxe5
 0-1

[Event "13th World University Championship - MEN"]
[Site "Katowice"]
[Date "2014.08.20"]
[Round "5"]
[White "Gaehler, Marco"]
[Black "Bornheim, Darren"]
[Result "1-0"]
[LiveChessVersion "1.4.4"]
[BlackElo "1792"]
[WhiteElo "2315"]

1. g3  Nf6  2. Bg2  d5
 3. Nf3  g6  4. O-O
 Bg7  5. c4  c6 
6. d4  O-O  7. b3  Ne4
 8. Bb2  Nd7  9. a4
 a5  10. Na3  b6 
11. Rc1  Ba6  12. Rc2  Qb8
 13. Nd2  Nef6  14. e4
 e5  15. exd5  cxd5
 16. Nb5  exd4  17. cxd5
 Bxb5  18. axb5  Qd6
 19. Qa1  Rac8  20. Rxc8
 Rxc8  21. Rc1  Rxc1+
 22. Qxc1  Qb4  23. Nf3
 Qc5  24. Qxc5  bxc5
 25. Nd2  Nb6  26. Nc4
 Nfxd5  27. Nxa5  d3
 28. Bxg7  Kxg7  29. Bxd5
 Nxd5  30. Nc4  Nc7
 31. b6  Na6  32. Kf1
 Kf6  33. Ke1  Ke6
 34. Kd2  Kd5  35. Kxd3
 Nb4+  36. Kc3  Kc6
 37. Ne5+  Kxb6  38. Kc4
 Na6  39. Nxf7  Nc7
 40. Ng5  h5  41. h4
 Kc6  42. Nf7  Nb5
 43. Ne5+  Kd6  44. Kxb5
 Kxe5  45. Kxc5  Ke4
 46. b4  Kf3  47. b5
 Kxf2  48. b6  Kxg3
 49. b7  Kxh4  50. b8=Q
 Kh3  51. Kd4  h4
 52. Ke3  Kg2  53. Qb2+
 Kh1  54. Kf3  1-0

[Event "13th World University Championship - MEN"]
[Site "Katowice"]
[Date "2014.08.20"]
[Round "5"]
[White "Chettiar, Evasan"]
[Black "Grandadam, Nicolas"]
[Result "0-1"]
[LiveChessVersion "1.4.4"]
[BlackElo "2307"]
[WhiteElo "1869"]

1. e4  c5  2. Nf3  e6
 3. c3  d5  4. e5
 d4  5. cxd4  cxd4
 6. Qa4+  Nc6  7. Bb5
 Bd7  8. O-O  a6 
9. Bxc6  Bxc6  10. Qxd4  Bxf3
 11. Qxd8+  Rxd8  12. gxf3
 Ne7  13. Re1  Nc6
 14. Re4  Nd4  15. Nc3
 Nxf3+  16. Kg2  Nd4
 17. b3  Nc6  18. Ne2
 Bc5  19. Kf1  O-O
 20. a3  Rd3  21. b4
 Bb6  22. a4  Rfd8
 23. a5  Bd4  24. Nxd4
 R8xd4  25. Rxd4  Nxd4
 26. Bb2  Rxd2  27. Bc3
 Rd3  28. Bxd4  Rxd4
 29. b5  axb5  30. a6
 bxa6  31. Rxa6  g5
 32. h4  Rxh4  33. Rb6
 Rb4  34. Kg2  Rb3
 35. Kh2  Kg7  0-1

[Event "13th World University Championship - MEN"]
[Site "Katowice"]
[Date "2014.08.20"]
[Round "5"]
[White "Galmandakh, Badrakh"]
[Black "Ayala Pena, Eduardo Azael"]
[Result "1-0"]
[LiveChessVersion "1.4.4"]
[BlackElo "2190"]
[WhiteElo "2264"]

1. g3  c5  2. Bg2  Nc6
 3. c4  g6  4. Nc3
 Bg7  5. d3  d6 
6. e3  e6  7. Nge2  Nge7
 8. O-O  O-O  9. b3
 a6  10. Bb2  e5 
11. Qd2  Be6  12. Nd5  f5
 13. d4  cxd4  14. Nxe7+
 Qxe7  15. exd4  Bf7
 16. f4  exf4  17. Nxf4
 Rfe8  18. Nd5  Bxd5
 19. Bxd5+  Kh8  20. Rae1
 Qd7  21. Kg2  Re7
 22. Bxc6  bxc6  23. Rxe7
 Qxe7  24. d5  Bxb2
 25. Qxb2+  Kg8  26. dxc6
 Qe4+  27. Kg1  Qxc6
 28. Rd1  Re8  29. Qd2
 Qc5+  30. Kg2  Re6
 31. h4  Kf7  32. Kf3
 Qe5  33. Kf2  Qc5+
 34. Qd4  Qa3  35. Rd2
 Qc1  36. Kg2  Qe1
 37. Qf2  Qe4+  38. Qf3
 Qe1  39. Qf2  Qe4+
 40. Kh2  h6  41. Qa7+
 Kf6  42. Qb8  Kf7
 43. Qc7+  Kf6  44. Qc8
 Kf7  45. Qxa6  f4
 46. Qa7+  Kg8  47. Qd4
 fxg3+  48. Kxg3  Qe1+
 49. Qf2  Qe5+  50. Qf4
 Qc3+  51. Kh2  Rf6
 52. Qd4  Qc1  53. Rg2
 Qf1  54. Qg4  h5
 55. Qg5  Kg7  56. Qe3
 Qd1  57. b4  Qb1
 58. Qe7+  Rf7  59. Qxd6
 Rf1  60. Qd4+  Kh7
 61. Qe3  Rh1+  62. Kg3
 Qxb4  63. Re2  Qd6+
 64. Qe5  Rg1+  65. Kh3
 Qd3+  66. Kh2  Rf1
 67. Qe7+  Kg8  68. c5
 Rf7  69. Qe8+  Kg7
 70. Qe5+  Kh7  71. Rg2
 Rf3  72. Qe7+  Kh8
 73. Qe6  Qd4  74. Qe8+
 1-0

[Event "13th World University Championship - MEN"]
[Site "Katowice"]
[Date "2014.08.20"]
[Round "5"]
[White "Mafanya, Kulasande"]
[Black "Wyss, Jonas"]
[Result "0-1"]
[LiveChessVersion "1.4.4"]
[BlackElo "2276"]
[WhiteElo "1847"]

1. Nf3  Nf6  2. c4  g6
 3. b3  Bg7  4. Bb2
 O-O  5. e3  d6 
6. Be2  e5  7. d3  Nc6
 8. Nbd2  Ne8  9. O-O
 e4  10. Nd4  exd3
 11. Bxd3  Nb4  12. Be2
 c5  13. Bc3  cxd4
 14. Bxb4  dxe3  15. Ne4
 Bxa1  16. Qxa1  f5
 17. Nxd6  exf2+  18. Kh1
 Nxd6  19. Rd1  Qf6
 20. Qxf6  Rxf6  21. Bxd6
 Re6  22. Rd2  Rxe2
 0-1

[Event "13th World University Championship - MEN"]
[Site "Katowice"]
[Date "2014.08.20"]
[Round "5"]
[White "Nuri, Kambez"]
[Black "Malgie, Avikaar"]
[Result "1-0"]
[LiveChessVersion "1.4.4"]
[BlackElo "1829"]
[WhiteElo "2322"]

1. e4  c5  2. Nc3  e6
 3. Nge2  Nc6  4. g3
 d5  5. exd5  exd5
 6. Bg2  Nf6  7. d4
 cxd4  8. Nxd4  Bb4
 9. O-O  Bxc3  10. bxc3
 O-O  11. Bg5  Be6
 12. Rb1  Nxd4  13. Qxd4
 b6  14. f4  Rc8 
15. f5  Rc4  16. Bxf6  gxf6
 17. Qd3  Bc8  18. Bxd5
 Rc7  19. Rbd1  Rd7
 20. c4  Bb7  21. Rf4
 Qc7  22. Qc3  Qc5+
 23. Kf1  Rd6  24. Qd2
 Rfd8  25. Rg4+  Kh8
 26. Qh6  Rg8  27. Rxg8+
 Kxg8  28. Re1  Qc8
 29. Bxb7  Qxc4+  30. Kg1
 Qd4+  31. Qe3  1-0

[Event "13th World University Championship - MEN"]
[Site "Katowice"]
[Date "2014.08.20"]
[Round "5"]
[White "Sikivou, Taione"]
[Black "Tanaka, Toshiki"]
[Result "0-1"]
[LiveChessVersion "1.4.4"]
[BlackElo "1848"]
[WhiteElo "1817"]

1. e4  e5  2. Nf3  Nc6
 3. Bc4  Bc5  4. c3
 Nf6  5. d3  d6 
6. Bb3  O-O  7. O-O  h6
 8. h3  Be6  9. Re1
 Bb6  10. Nbd2  Ne7
 11. Nc4  Ng6  12. d4
 exd4  13. cxd4  d5
 14. Nxb6  axb6  15. e5
 Nh7  16. Be3  Qe7
 17. Qd2  c5  18. Nh2
 c4  19. Bc2  Nh4
 20. f4  f5  21. g3
 Ng6  22. a3  Kh8
 23. Qe2  Qd7  24. Bd2
 Ne7  25. Bb4  Rg8
 26. h4  Nc6  27. Bc3
 b5  28. Nf3  g5 
29. hxg5  hxg5  30. Kf2  gxf4
 31. gxf4  Rg4  32. Ke3
 Rag8  33. Rg1  R8g7
 34. Rxg4  fxg4  35. Nh4
 Ne7  36. a4  b4 
37. Bxb4  Nf5+  38. Nxf5  Bxf5
 39. Rh1  g3  40. Rg1
 Bxc2  41. Qxc2  g2
 42. f5  Rg3+  43. Kf2
 Qg7  44. Qe2  Qg5
 45. Bd2  Qh4  46. Ke1
 Re3+  47. Kd1  Rxe2
 48. Kxe2  Qg4+  49. Kf2
 Qxd4+  50. Be3  Qxb2+
 51. Kf3  Qxe5  52. Rxg2
 Qe4+  53. Kf2  d4
 0-1

[Event "13th World University Championship - MEN"]
[Site "Katowice"]
[Date "2014.08.20"]
[Round "5"]
[White "Frijde, Joel"]
[Black "Hardwarsingh, Vishay"]
[Result "1/2-1/2"]
[LiveChessVersion "1.4.4"]
[BlackElo "1596"]
[WhiteElo "1696"]

1. e4  e5  2. Nf3  Nc6
 3. Nc3  Nf6  4. d4
 exd4  5. Nxd4  Bc5
 6. Nxc6  bxc6  7. Bc4
 O-O  8. O-O  d6 
9. Qd3  Ng4  10. Na4  Bb6
 11. Nxb6  axb6  12. f3
 Ne5  13. Qe2  Nxc4
 14. Qxc4  c5  15. Bf4
 Qf6  16. e5  dxe5
 17. Qe4  Bb7  18. Qxe5
 Qxe5  19. Bxe5  c6
 20. Kf2  Rfe8  21. Bg3
 c4  22. a3  f6 
23. Rad1  b5  24. Rd7  Ba6
 25. Rfd1  Re6  26. R7d6
 Rae8  27. Rxe6  Rxe6
 28. Re1  Rxe1  29. Kxe1
 Kf7 30. Kd2 Ke6  31. Ke3  Kd5
 32. c3  Bc8  33. h4
 h5  34. Bf2  Bf5
 35. Kf4  g6  36. Bd4
 Ke6  37. g4  hxg4
 38. fxg4  Bd3  39. Bc5
 1/2-1/2

[Event "13th World University Championship - MEN"]
[Site "Katowice"]
[Date "2014.08.22"]
[Round "6"]
[White "Bukavshin, Ivan"]
[Black "Grigoryan, Karen H."]
[Result "1/2-1/2"]
[LiveChessVersion "1.4.4"]
[BlackElo "2595"]
[WhiteElo "2603"]

1. b3  d5  2. Bb2  Bf5
 3. e3  e6  4. Nf3
 Nd7  5. c4  c6 
6. Nc3  Ngf6  7. Nh4  Bg4
 8. Qc2  e5  9. h3
 Be6  10. Nf3  Bb4
 11. a3  Bd6  12. d3
 O-O  13. Be2  h6
 14. O-O  Rc8  15. Rfc1
 Bb8  16. cxd5  cxd5
 17. Qd1  Qe7  18. Bf1
 Nh7  19. g3  f5 
20. Bg2  Nhf6  21. Ne2  Rce8
 22. Qd2  Qf7  23. Ne1
 Qg6  24. d4  Ne4
 25. Qd3  f4  26. f3
 fxg3  27. fxe4  Bxh3
 28. dxe5  dxe4  29. Qc4+
 Be6  30. Qxe4  Qxe4
 31. Bxe4  Rf2  32. Nd4
 Rxb2  33. Nxe6  Rxe6
 34. Bd5  Kf7  35. Nd3
 Rd2  36. Rd1  Rxd1+
 37. Rxd1  Ke7  38. Bxe6
 Kxe6  39. Nf4+  Ke7
 40. Ng6+  Ke6  41. Nf4+
 Ke7  42. Kg2  Nxe5
 43. Kxg3  g5  44. Nh5
 Kf7  45. Kf2  Kg6
 46. Ng3  h5  47. Rd8
 Ng4+  48. Kf3  Bxg3
 49. Kxg3  Nxe3  50. Kf3
 Nf5  51. Ke4  Ng3+
 52. Kf3  Nf5  53. Rb8
 b6  54. Ra8  Nd4+
 55. Kg3  Nxb3  56. Rxa7
 Nc5  57. Rc7  Kf5
 58. Rf7+  Ke5  59. Re7+
 1/2-1/2

[Event "13th World University Championship - MEN"]
[Site "Katowice"]
[Date "2014.08.22"]
[Round "6"]
[White "Bernasek, Jan"]
[Black "Yu, Ruiyuan"]
[Result "1/2-1/2"]
[LiveChessVersion "1.4.4"]
[BlackElo "2534"]
[WhiteElo "2536"]

1. d4  d5  2. c4  c6
 3. Nf3  Nf6  4. Nc3
 dxc4  5. a4  Bf5
 6. Nh4  Bc8  7. e3
 e6  8. Bxc4  c5 
9. O-O  Nc6  10. Nf3  cxd4
 11. exd4  Be7  12. Re1
 O-O  13. Bg5  b6
 14. d5  Nxd5  15. Bxd5
 exd5  16. Qxd5  Qxd5
 17. Nxd5  Bxg5  18. Nxg5
 Bb7  19. Ne7+  Nxe7
 20. Rxe7  Bc6  21. a5
 bxa5  22. Rxa5  a6
 23. Rc5  Rfe8  24. Rxe8+
 Rxe8  25. f3  Bb5
 26. Ne4  h6  27. Kf2
 Bd3  28. Nc3  Rb8
 29. Nd1  Bb5  30. b3
 Rd8  31. Nc3  Rd2+
 32. Kg1  Rc2  33. Rc8+
 Kh7  34. Rc7  Bd3
 35. b4  Kg6  36. Nd5
 Rxc7  37. Nxc7  Kf5
 1/2-1/2

[Event "13th World University Championship - MEN"]
[Site "Katowice"]
[Date "2014.08.22"]
[Round "6"]
[White "Sjugirov, Sanan"]
[Black "Shimanov, Aleksandr"]
[Result "1/2-1/2"]
[LiveChessVersion "1.4.4"]
[BlackElo "2625"]
[WhiteElo "2658"]

1. e4  c6  2. d4  d5
 3. e5  Bf5  4. Nf3
 e6  5. Be2  c5 
6. Be3  Qb6  7. Nc3  Nc6
 8. O-O  Qxb2  9. Qe1
 cxd4  10. Bxd4  Nxd4
 11. Nxd4  Bb4  12. Ndb5
 Ba5  13. Rb1  Qxc2
 14. Rb3  Ne7  15. Nd6+
 Kf8  16. Nxb7  Bb6
 17. Nd6  Ba5  18. Ra3
 Bb4  19. Rb3  Ba5
 20. Ra3  Bb4  21. Rb3
 Ba5 1/2-1/2